Statistics for American Countries by AI

Click here to take the quiz!

General Stats

  • This quiz has been taken 10 times
  • The average score is 8 of 34

Answer Stats

Answer% Correct
Brazil
86%
Canada
86%
Cuba
86%
Belize
71%
Peru
71%
Mexico
57%
Argentina
43%
Chile
43%
Panama
43%
Costa Rica
29%
Venezuela
29%
Bahamas
14%
Bolivia
14%
Guatemala
14%
Haiti
14%
Honduras
14%
Nicaragua
14%
Paraguay
14%
Saint Kitts & Nevis
14%
Saint Lucia
14%
Suriname
14%
USA
14%
Antigua & Barbuda
0%
Barbados
0%
Colombia
0%
Dominica
0%
Dominican Republic
0%
Ecuador
0%
El Salvador
0%
Grenada
0%
Guyana
0%
Saint Vincent & the Grenadines
0%
Trinidad & Tobago
0%
Uruguay
0%

Score Distribution

Percentile by Number Answered

Percent of People with Each Score

Your Score History

You have not taken this quiz